Biggest villages and towns of Estonia - Statistics

General Stats
  • This quiz has been taken 22 times
  • The average score is 32 of 101
Answer Stats
Maakond Population Town % Correct
Ida-Virumaa 53.955 Narva
90%
Pärnumaa 40.228 Pärnu
90%
Harjumaa 437.817 Tallinn
90%
Tartumaa 95.190 Tartu
90%
Jõgevamaa 5222 Jõgeva
80%
Põlvamaa 5454 Põlva
80%
Viljandimaa 17.245 Viljandi
70%
Võrumaa 11.865 Võru
70%
Ida-Virumaa 10.482 Jõhvi
60%
Hiiumaa 3046 Kärdla
60%
Harjumaa 2759 Kehra
60%
Järvamaa 7926 Paide
60%
Raplamaa 5254 Rapla
60%
Ida-Virumaa 12.439 Sillamäe
60%
Valgamaa 12.010 Valga
60%
Tartumaa 5645 Elva
50%
Harjumaa 10.499 Keila
50%
Ida-Virumaa 33.499 Kohtla-Järve
50%
Lääne-Virumaa 2997 Kunda
50%
Saaremaa 13.034 Kuressaare
50%
Harjumaa 16.170 Maardu
50%
Ida-Virumaa 2536 Narva-Jõesuu
50%
Harjumaa 3719 Paldiski
50%
Harjumaa 1399 Raasiku
50%
Lääne-Virumaa 15.141 Rakvere
50%
Harjumaa 4706 Saku
50%
Harjumaa 5826 Saue
50%
Harjumaa 1200 Vääna-Jõesuu
50%
Võrumaa 1249 Antsla
40%
Läänemaa 9595 Haapsalu
40%
Harjumaa 1841 Kiili
40%
Harjumaa 2229 Kose
40%
Harjumaa 2615 Loksa
40%
Jõgevamaa 1159 Mustvee
40%
Valgamaa 2134 Otepää
40%
Jõgevamaa 4150 Põltsamaa
40%
Harjumaa 1496 Rae
40%
Pärnumaa 3750 Sindi
40%
Lääne-Virumaa 2415 Tamsalu
40%
Lääne-Virumaa 5383 Tapa
40%
Valgamaa 2701 Tõrva
40%
Järvamaa 5129 Türi
40%
Tartumaa 2917 Ülenurme
40%
Harjumaa 2198 Aruküla
30%
Harjumaa 3719 Jüri
30%
Viljandimaa 1457 Karksi-Nuia
30%
Raplamaa 1173 Kehtna
30%
Pärnumaa 1624 Kilingi-Nõmme
30%
Raplamaa 3295 Kohila
30%
Harjumaa 1176 Kuusalu
30%
Pärnumaa 1239 Lihula
30%
Tartumaa 1652 Nõo
30%
Pärnumaa 2917 Paikuse
30%
Põlvamaa 2213 Räpina
30%
Viljandimaa 1184 Suure-Jaani
30%
Harjumaa 2703 Viimsi
30%
Viljandimaa 1295 Võhma
30%
Viljandimaa 1026 Abja-Paluoja
20%
Lääne-Virumaa 1142 Aseri
20%
Lääne-Virumaa 1093 Haljala
20%
Harjumaa 6117 Laagri
20%
Harjumaa 2295 Loo
20%
Raplamaa 2617 Märjamaa
20%
Pärnumaa 1140 Pärnu-Jaagupi
20%
Harjumaa 6352 Peetri
20%
Harjumaa 3938 Tabasalu
20%
Tartumaa 2188 Tõrvandi
20%
Tartumaa 1738 Vahi
20%
Lääne-Virumaa 1604 Väike-Maarja
20%
Pärnumaa 2148 Vändra
20%
Viljandimaa 1300 Viiratsi
20%
Raplamaa 1494 Aespa
10%
Pärnumaa 1480 Audru
10%
Harjumaa 7265 Haabneeme
10%
Raplamaa 1201 Järvakandi
10%
Lääne-Virumaa 2208 Kadrina
10%
Ida-Virumaa 4854 Kiviõli
10%
Harjumaa 1024 Klooga
10%
Harjumaa 1027 Lagedi
10%
Harjumaa 1964 Muraste
10%
Tartumaa 1122 Räni
10%
Pärnumaa 1318 Sauga
10%
Tartumaa 1430 Soinaste
10%
Harjumaa 1222 Suurupi
10%
Harjumaa 1615 Tiskre
10%
Harjumaa 2096 Alliku
0%
Harjumaa 2880 Järveküla
0%
Järvamaa 1121 Koeru
0%
Tartumaa 1821 Lohkva
0%
Harjumaa 1337 Luige
0%
Pärnumaa 1260 Papsaare
0%
Harjumaa 1987 Pärnamäe
0%
Harjumaa 1098 Pringi
0%
Harjumaa 1290 Püünsi
0%
Harjumaa 1918 Randvere
0%
Lääne-Virumaa 1199 Sõmeru
0%
Pärnumaa 1724 Tammiste
0%
Tartumaa 1652 Tila
0%
Läänemaa 1122 Uuemõisa
0%
Harjumaa 1001 Uuesalu
0%
Tartumaa 1136 Veibri
0%
No matching quizzes found
Score Distribution
Percent of People with Each Score
Percentile by Number Answered
Your Score History
You have not taken this quiz